Statystyki dla Gminy Powiatu Ostrowskiego

Kliknij tutaj aby rozwiązać quiz!

Ogólne statystyki

  • Ten quiz został rozwiązany 44 razy
  • Średni wynik to 6 z 8

Statystyki odpowiedzi

HintOdpowiedź% Poprawnych
miejskaOstrów Wielkopolski
97%
wiejskaOstrów Wielkopolski
97%
wiejskaPrzygodzice
87%
miejsko-wiejskaNowe Skalmierzyce
83%
miejsko-wiejskaOdolanów
80%
miejsko-wiejskaRaszków
80%
wiejskaSieroszewice
67%
wiejskaSośnie
53%

Rozkład punktacji

Percentyl według liczby udzielonych odpowiedzi

Procent ludzi z każdym wynikiem

Twoja historia wyników

Nie rozwiązałeś tego quizu